00464pab a2200157 454500008004000000100001900040245006200059260000900121300001500130362000800145650003700153650003900190650001700229700001700246773004300263180718b2012 xxu||||| |||| 00| 0 eng d aBose, Indranil aTrade union participation in leather industry in Kolkatta c2012 ap.202-216. aOct aWest Bengal - Leather industries aTrade unions - India - West Bengal aTrade unions aMudgal, R.K. aIndian Journal of Industrial Relations